UM Logo

The complete bartender's guide / (Record no. 17376)

MARC details
000 -LEADER
fixed length control field 00558nam a22001697a 4500
008 - FIXED-LENGTH DATA ELEMENTS--GENERAL INFORMATION
fixed length control field 221004b ||||| |||| 00| 0 eng d
020 ## - INTERNATIONAL STANDARD BOOK NUMBER
International Standard Book Number 9781847326430
082 ## - DEWEY DECIMAL CLASSIFICATION NUMBER
Edition number 2010
Classification number DRef 641.874
Item number B791
100 ## - MAIN ENTRY--PERSONAL NAME
Personal name Broom, Dave.
9 (RLIN) 46237
245 ## - TITLE STATEMENT
Title The complete bartender's guide /
Statement of responsibility, etc. Dave Broom.
260 ## - PUBLICATION, DISTRIBUTION, ETC. (IMPRINT)
Place of publication, distribution, etc. [London] :
Name of publisher, distributor, etc. Carlton Books,
Date of publication, distribution, etc. ©2010.
300 ## - PHYSICAL DESCRIPTION
Extent 399 pages :
Other physical details color illustrations ;
Dimensions 18 cm.
500 ## - GENERAL NOTE
General note Includes glossary and index.<br/>
650 ## - SUBJECT ADDED ENTRY--TOPICAL TERM
Topical term or geographic name as entry element Bartending
Form subdivision Handbooks, manuals, etc.
9 (RLIN) 46238
650 ## - SUBJECT ADDED ENTRY--TOPICAL TERM
Topical term or geographic name as entry element Cocktails.
9 (RLIN) 31613
942 ## - ADDED ENTRY ELEMENTS (KOHA)
Source of classification or shelving scheme Dewey Decimal Classification
Koha item type Periodicals
Holdings
Withdrawn status Lost status Source of classification or shelving scheme Damaged status Not for loan Collection code Home library Current library Date acquired Source of acquisition Cost, normal purchase price Total Checkouts Full call number Barcode Date last seen Copy number Price effective from Koha item type
    Dewey Decimal Classification     Reference UM Digos College - LIC UM Digos College - LIC 08/16/2022 Purchased 2850.00   DRef 641.874 B791 2010 26782 05/15/2025 1 10/04/2022 Reference